Adobe Illustrator CC : (Record no. 19616)
[ view plain ]
| 000 -LEADER | |
|---|---|
| fixed length control field | 01716cam a22003015a 4500 |
| 001 - CONTROL NUMBER | |
| control field | ocn882531076 |
| 003 - CONTROL NUMBER IDENTIFIER | |
| control field | OSt |
| 005 - DATE AND TIME OF LATEST TRANSACTION | |
| control field | 20150615123356.0 |
| 008 - FIXED-LENGTH DATA ELEMENTS--GENERAL INFORMATION | |
| fixed length control field | 140702t2015 caua fr 001 0 eng d |
| 020 ## - INTERNATIONAL STANDARD BOOK NUMBER | |
| International Standard Book Number | 0133905659 |
| 020 ## - INTERNATIONAL STANDARD BOOK NUMBER | |
| International Standard Book Number | 9780133905656 |
| 040 ## - CATALOGING SOURCE | |
| Original cataloging agency | YDXCP |
| Language of cataloging | eng |
| Transcribing agency | YDXCP |
| Modifying agency | EG-ScBUE |
| 082 04 - DEWEY DECIMAL CLASSIFICATION NUMBER | |
| Classification number | 006.686 |
| Item number | WOO |
| Edition number | 22 |
| 100 1# - MAIN ENTRY--PERSONAL NAME | |
| Personal name | Wood, Brian |
| 9 (RLIN) | 38168 |
| 245 10 - TITLE STATEMENT | |
| Title | Adobe Illustrator CC : |
| Remainder of title | 2014 release / |
| Statement of responsibility, etc | Brian Wood. |
| 260 ## - PUBLICATION, DISTRIBUTION, ETC. (IMPRINT) | |
| Place of publication, distribution, etc | California : |
| Name of publisher, distributor, etc | Adobe Systems Incorporated : |
| -- | [Adobe Press] / Peachpit / Pearson Education, |
| Date of publication, distribution, etc | c.2015. |
| 300 ## - PHYSICAL DESCRIPTION | |
| Extent | xiv, 465 p. : |
| Other physical details | ill. (col.) ; |
| Dimensions | 24 cm. |
| 490 0# - SERIES STATEMENT | |
| Series statement | Classroom in a book |
| 500 ## - GENERAL NOTE | |
| General note | "Classroom in a book : the official training workbook from Adobe." -- cover. |
| 500 ## - GENERAL NOTE | |
| General note | Index : p. 452-464. |
| 505 0# - FORMATTED CONTENTS NOTE | |
| Formatted contents note | Getting started -- What's new in Adobe Illustrator CC (2014 release) -- A quick tour of Adobe® Illustrator® CC (2014 release) -- Getting to know the work area -- Techniques for selecting artwork - Using shapes to create artwork for a postcard -- Transforming artwork -- Creating an illustration with the drawing tools -- Using color and patterns to enhance signage -- Adding type to a poster -- Organizing your artwork with layers -- Blending colors and shapes -- Using brushes to create a poster -- Exploring creative uses of effects and graphic styles -- Creating a product mockup in perspective -- Using symbols to create a map -- Using Illustrator CC with other Adobe application -- Preparing content for the Web. |
| 630 00 - SUBJECT ADDED ENTRY--UNIFORM TITLE | |
| Uniform title | Adobe Illustrator (Computer file) |
| Source of heading or term | BUEsh |
| 650 #0 - SUBJECT ADDED ENTRY--TOPICAL TERM | |
| Topical term or geographic name as entry element | Computer graphics. |
| Source of heading or term | BUEsh |
| 651 ## - SUBJECT ADDED ENTRY--GEOGRAPHIC NAME | |
| Source of heading or term | BUEsh |
| 653 ## - INDEX TERM--UNCONTROLLED | |
| Resource For college | Communication and mass media |
| -- | Informatics and Computer Science |
| Arrived date list | June2015 |
| 655 ## - INDEX TERM--GENRE/FORM | |
| Form subdivision | |
| -- | 34232 |
| 942 ## - ADDED ENTRY ELEMENTS (KOHA) | |
| Source of classification or shelving scheme | Dewey Decimal Classification |
| Call number prefix | 006.686 WOO |
| Withdrawn status | Lost status | Source of classification or shelving scheme | Damaged status | Not for loan | Koha collection | Home library | Current library | Shelving location | Date acquired | Source of acquisition | Cost, normal purchase price | Serial Enumeration / chronology | Total Checkouts | Total Renewals | Full call number | Barcode | Date last seen | Date last borrowed | Cost, replacement price | Koha item type |
|---|---|---|---|---|---|---|---|---|---|---|---|---|---|---|---|---|---|---|---|---|
| Dewey Decimal Classification | Alahram | Central Library | Central Library | Lower Floor | 11/06/2015 | 450.00 | 308 | 2 | 10 | 006.686 WOO | 000038637 | 15/07/2025 | 14/02/2018 | 562.50 | Book - Borrowing |